Writing arguments a rhetoric with readings

Bewaard in:
Bibliografische gegevens
Hoofdauteur: Ramage, John C.
Formaat: Boek
Taal:Engels
Gepubliceerd in: Longman 2010
Tags: Voeg label toe
Geen labels, Wees de eerste die dit record labelt!

MARC

LEADER 00000nam a22000007a 4500
008 211028b ||||| |||| 00| 0 eng d
020 |a 9780205648368 
100 |a Ramage, John C. 
245 |a Writing arguments  |b a rhetoric with readings  |c John D. Ramage, John C. Bean,June Johnson  |g xv, 452 p. : ill., 
250 |b 8th ed. 
260 |b Longman  |c 2010  |d Book  |h New York.  |i 682208  |l PE 1431.R14  |m English language--Rhetoric  |m Persuasion (Rhetoric)  |m College readers.  |m Report writing 
500 |a Includes bibliographical references (p. [410]-431) and index. 
942 |a lcc  |c BK  |e Olagoke ,M.A.  |f 28/10/2021 
952 |0 0  |1 0  |2 lcc  |4 0  |6 PE1431 R14  |7 0  |9 3746  |a HOL  |b HOL  |c LP  |d 2021-11-23  |o PE1431.R14  |p 2021-67479  |r 2021-10-28 00:00:00  |t 682208  |w 2021-10-28  |y BK 
999 |c 1863  |d 1863